German Cities by Images - Statistics

General Stats
  • This quiz has been taken 33 times
  • The average score is 12 of 16
Answer Stats
Picture Answer % Correct
Berlin
100%
Munich
100%
Cologne
97%
Frankfurt
94%
Hamburg
94%
Dresden
87%
Leipzig
84%
Nuremberg
81%
Hanover
77%
Bremen
71%
Stuttgart
71%
Heidelberg
52%
Potsdam
52%
Bonn
48%
Koblenz
29%
Regensburg
29%
No matching quizzes found
Score Distribution
Percent of People with Each Score
Percentile by Number Answered
Your Score History
You have not taken this quiz